中国拥有轨道交通的城市(2024) - Statistics

General Stats
  • This quiz has been taken 1 140 times
    573 since last reset
  • The average score is 51 of 61
Answer Stats
% Correct
江苏 南京
97%
直辖市 北京
96%
特别行政区 香港
96%
特别行政区 澳门
96%
江苏 苏州
96%
浙江 杭州
96%
直辖市 天津
95%
直辖市 上海
95%
直辖市 重庆
95%
湖北 武汉
95%
台湾 台北
94%
辽宁 沈阳
94%
陕西 西安
93%
河北 石家庄
93%
福建 福州
92%
四川 成都
92%
广东 广州
91%
辽宁 大连
91%
福建 厦门
91%
江苏 无锡
90%
安徽 合肥
90%
广东 深圳
89%
湖南 长沙
89%
黑龙江 哈尔滨
89%
江西 南昌
88%
浙江 宁波
87%
江苏 常州
86%
甘肃 兰州
86%
台湾 高雄
85%
河南 郑州
85%
山东 济南
85%
新疆 乌鲁木齐
85%
内蒙古 呼和浩特
85%
江苏 徐州
84%
浙江 温州
84%
广东 佛山
84%
吉林 长春
84%
浙江 绍兴
83%
广东 东莞
83%
山东 青岛
83%
江苏 南通
82%
浙江 金华
82%
台湾 台中
82%
广西 南宁
82%
山西 太原
81%
陕西 咸阳
80%
河南 洛阳
79%
云南 昆明
79%
江苏 镇江(句容)
77%
浙江 嘉兴(海宁)
77%
浙江 台州
77%
贵州 贵阳
77%
安徽 芜湖
76%
台湾 新北
73%
河北 廊坊
72%
台湾 桃园
69%
湖南 湘潭
68%
安徽 滁州
62%
湖北 鄂州
58%
河南 许昌
56%
四川 资阳
49%
No matching quizzes found
Score Distribution
Percent of People with Each Score
Percentile by Number Answered
Your Score History
You have not taken this quiz since the last reset